| 000 | 00000nas 2200000za 4500 |
| 001 | 9.502468 |
| 003 | CaOODSP |
| 005 | 20230830092912 |
| 007 | cr ||||||||||| |
| 008 | 150406d200u2009xxc|| p o||||f| |0fre|d |
| 022 | |a1922-7590 |
| 040 | |aCaOODSP|bfre |
| 043 | |an-cn--- |
| 086 | 1 |aH115-4F-PDF |
| 245 | 00|aRegistre national des traumatismes. Traumatismes graves au Canada : |brapport. |
| 246 | 13|aTraumatismes graves au Canada |
| 264 | 1|aOttawa, Ontario : |bInstitut canadien d'information sur la santé |
| 310 | |aAnnuel |
| 362 | 1 |aParaît depuis 200- (incluant les données ...); ne paraît plus après 2009? |
| 500 | |aLe sous-titre varie : Blessures graves au Canada, 2009. |
| 520 | 3 |aContient des données sur les patients hospitalisés en raison d'un traumatisme grave. Les données proviennent du fichier étendu du Registre. |
| 691 | 07|aBlessure|2gcpds |
| 710 | 1 |aCanada. |bInstitut canadien d'information sur la santé, |eorganisme de publication. |
| 775 | 08|tNational Trauma Registry. Major injury in Canada : |w(CaOODSP)9.506066 |
| 776 | 0#|tRapport, traumatismes graves au Canada |w(CaOODSP)9.514032 |